| 000 | 01111nam a2200265 a 4500 | ||
|---|---|---|---|
| 001 | 000013764 | ||
| 003 | DO-SdBNP | ||
| 005 | 20250306140519.0 | ||
| 008 | 091130s1981 dr 001 0 spa d | ||
| 040 |
_aDO-SdBNP _bspa _cBNPHU |
||
| 082 |
_a570.97293 _bN285p |
||
| 245 | 0 | 0 |
_aNP : _bcarta ocasional del Herbario UASD, Uniersidad Autónoma de Santo Domingo 1976-79 / _ceditores Eugenio de Jesús Marcano F., Julio Cicero ; introducción Josefina Pérez de Incháustegui. |
| 246 | 1 | 3 | _aNaturista postal 1976-79 |
| 260 |
_aSanto Domingo : _bEl Herbario, _c1981. |
||
| 300 |
_a211 p. ; _c21 cm. |
||
| 590 | _aInventariado, 2019/MFF | ||
| 650 | 4 |
_aHistorial natural _xRepública dominicana _931246 |
|
| 700 | 1 |
_aMarcano F., Eugenio de Jesús, _eed. _931247 |
|
| 700 | 1 |
_aCicero, Julio, _eed. _931184 |
|
| 700 | 1 |
_aPérez Inchaustegui, Josefina de, _eintrod. _931248 |
|
| 710 | 1 |
_aUniversidad Autónoma de Santo Domingo _972951 |
|
| 710 | 2 |
_aUniversidad Autónoma de Santo Domingo. _bInstituto de Investigaciones Zoológicas y Botánicas _931250 |
|
| 910 | _aValidado. Control de calidad EMS | ||
| 942 |
_2ddc _cLBS1 |
||
| 999 |
_c13377 _d13377 |
||